Derecho de las mujeres a su imagen : los trastornos del comportamiento alimentario : anorexia y bulimia /
Guardat en:
| Altres autors: | |
|---|---|
| Format: | Llibre |
| Idioma: | espanyol |
| Publicat: |
San Vicente del Raspeig, España :
Universidad de Alicante, Campus San Vicente,
2001, c2001
|
| Col·lecció: | (Monografías Universidad de Alicante)
|
| Matèries: | |
| Etiquetes: |
Sense etiquetes, Sigues el primer a etiquetar aquest registre!
|
MARC
| LEADER | 00000nam^a2200000^a^4500 | ||
|---|---|---|---|
| 001 | 000172717 | ||
| 005 | 20250521000000.0 | ||
| 009 | 20260310101429.536 | ||
| 020 | |a 84-7908-662-9 | ||
| 037 | |a Acervo ITESO - Biblioteca | ||
| 041 | |a ESP | ||
| 082 | |a 343. 460996 |b DER | ||
| 245 | 0 | 0 | |a Derecho de las mujeres a su imagen : |b los trastornos del comportamiento alimentario : anorexia y bulimia / |c Ed. de M.T. Romá Ferri... [et al.]. |
| 264 | 4 | |a San Vicente del Raspeig, España : |b Universidad de Alicante, Campus San Vicente, |c 2001, c2001 | |
| 300 | |a 175 p. | ||
| 336 | |a texto |b txt |2 rdacontenido | ||
| 337 | |a sin mediación |b n |2 rdamedio | ||
| 338 | |a volumen |b nc |2 rdasoporte | ||
| 440 | 1 | |a (Monografías Universidad de Alicante) | |
| 649 | |a XX | ||
| 650 | |a Mujeres - |x Condiciones Jurídicas | ||
| 650 | |a Imagen Personal - |x Aspectos Jurídicos | ||
| 650 | |a Identidad Personal - |x Aspectos Jurídicos | ||
| 650 | |a Identidad de Género - |x Aspectos Jurídicos | ||
| 650 | |a Anorexia Nerviosa - |x Aspectos Jurídicos | ||
| 650 | |a Bulimia - |x Aspectos Jurídicos | ||
| 650 | |a Trastornos de la Alimentación - |x Aspectos Jurídicos | ||
| 650 | |a Trastornos de la Alimentación - |x Aspectos Jurídicos | ||
| 650 | |a Derecho a la Intimidad | ||
| 650 | |a Derecho de las Personas | ||
| 650 | |a Derecho Privado | ||
| 650 | |a Derecho Civil | ||
| 700 | |a Romá Ferri, María Teresa |e (edición) | ||
| 910 | |a Fondo General | ||
| 920 | |a Impresos - Libros | ||
| 930 | |a Colección General | ||
| 905 | |a 101 | ||
| 901 | |a 0500110055 |b IT1 |c ACC |u 20250521 | ||
| 902 | |a https://opac.biblio.iteso.mx/vufind/Record/000172717 | ||